000 01485cam a22003614a 4500
001 13912014
003 OSt
005 20170105103507.0
008 050325s2005 njua b 001 0 eng
010 _a 2005008297
020 _a0471644889 (cloth)
020 _a9780471644880
040 _aASAB
_cASAB
_dASAB
042 _apcc
050 0 0 _aHB501
_b.B235 2005
082 0 0 _a306.3
_222
100 1 _aBaker, Raymond W.,
_d1935-
_91109
245 1 0 _aCapitalism's Achilles heel :
_bdirty money and how to renew the free-market system /
_cRaymond W. Baker.
260 _aHoboken, N.J. :
_bJohn Wiley & Sons,
_cc2005.
300 _aix, 438 p. :
_bill. ;
_c24 cm.
504 _aIncludes bibliographical references (p. 383-423) and index.
650 0 _aCapitalism
_xMoral and ethical aspects.
_91110
650 0 _aCommercial crimes.
_91111
650 0 _aCorruption.
_91112
650 0 _aPoverty.
_91113
650 0 _aUtilitarianism.
_91114
856 4 1 _3Table of contents only
_uhttp://www.loc.gov/catdir/toc/ecip0510/2005008297.html
856 4 2 _3Contributor biographical information
_uhttp://www.loc.gov/catdir/enhancements/fy0622/2005008297-b.html
856 4 2 _3Publisher description
_uhttp://www.loc.gov/catdir/enhancements/fy0622/2005008297-d.html
906 _a7
_bcbc
_corignew
_d1
_eecip
_f20
_gy-gencatlg
942 _2ddc
_cBK
999 _c17321
_d17321